Score 0/7 Timer 03:00
3 Plays Today
Question Answer Wrong Answers
This American singer-songwriter, who is also a Nobel laureate, is born.
1941
Bob Dylan
86.1%
Neil Young
4%
Bruce Springsteen
3.7%
Johnny Cash
3.3%
South American independence leader Simón Bolívar enters Mérida, leading the invasion of Venezuela, and is proclaimed ______.
1813
El Libertador (The Liberator)
82.9%
El Luchador (The Fighter)
3.3%
El Líder (The Leader)
3.6%
El General (The General)
10.2%
Acting on the orders of Soviet leader Joseph Stalin, Iosif Grigulevich orchestrates an unsuccessful assassination attempt on exiled Russian revolutionary ______ in Coyoacán, Mexico.
1940
Leon Trotsky
81.1%
Friedrich Engels
2.9%
Nikita Khrushchev
8.9%
Nikolay Karamzin
5%
Russia and the United States sign the Moscow Treaty, with both parties agreeing to limit their ______.
2002
Nuclear Arsenal
81.1%
CO₂ Emissions
9.4%
Influence in the Middle East
3.9%
Use of Capital Punishment
1.4%
The first ______ in Major League Baseball history is played in Cincinnati, Ohio, with the Cincinnati Reds beating the Philadelphia Phillies 2–1 at Crosley Field.
1935
Night Game
74.8%
Doubleheader
7.9%
Interleague Game
10.8%
Indoor Game
5.4%
The International Criminal Tribunal for the former Yugoslavia indicts this man and four others for war crimes and crimes against humanity committed in Kosovo.
1999
Slobodan Milošević
69.5%
Josip Broz Tito
9.9%
Nicolae Ceaușescu
13%
Pervez Musharraf
3.5%
Members of this civil rights group are arrested in Jackson, Mississippi, for ‘disturbing the peace’ after disembarking from their bus.
1961
Freedom Riders
55%
Black Panthers
22.4%
NAACP
16.6%
Nation of Islam
2.7%
Remove Ads.
Support Sporcle.
Get the best of Sporcle when you Go Orange. This ad-free experience offers more features, more stats, and more fun while also helping to support Sporcle. Thank you for becoming a member.

You're not logged in!

Compare scores with friends on all Sporcle quizzes.
OR
Log In

Sporcle TV

Today on Sporcle TV


Watch our educational content, quiz creation guides, and fun videos on Sporcle TV.

Show Comments

Extras

Top Quizzes Today


Score Distribution

Paid Content

Your Account Isn't Verified!

In order to create a playlist on Sporcle, you need to verify the email address you used during registration. Go to your Sporcle Settings to finish the process.

Report this User

Report this user for behavior that violates our Community Guidelines.

Details: